Thiết kế kiến trúc nhà và một số công trình kỹ thuật trong xí nghiệp công nghiệp

KR403 Nguyên lý thiết kế kiến trúc công trình công nghiệp

Salvato in:
Dettagli Bibliografici
Autore principale: Lương, Bá Chấn
Altri autori: Thiều, Văn Hoan
Natura: Libro
Lingua:Undetermined
Pubblicazione: H. Xây dựng 2006
Soggetti:
Accesso online:http://lrc.tdmu.edu.vn/opac/search/detail.asp?aID=2&ID=3852
Tags: Aggiungi Tag
Nessun Tag, puoi essere il primo ad aggiungerne! !
Thư viện lưu trữ: Trung tâm Học liệu Trường Đại học Thủ Dầu Một
LEADER 01010nam a2200217Ia 4500
001 TDMU_3852
008 210410s9999 xx 000 0 und d
082 |a 725 
090 |b L9736 
100 |a Lương, Bá Chấn 
245 0 |a Thiết kế kiến trúc nhà và một số công trình kỹ thuật trong xí nghiệp công nghiệp 
245 0 |c Lương Bá Chấn (ch.b.), Thiều Văn Hoan, Nguyễn Chí Thành, Nguyễn Đức Dũng, Lương Thu Thảo, Phạm Anh Quân 
260 |a H. 
260 |b Xây dựng 
260 |c 2006 
300 |a 188tr. 
520 |a KR403 Nguyên lý thiết kế kiến trúc công trình công nghiệp 
650 |a Kiến trúc nhà ở  |x Thiết kế; Kiến trúc công nghiệp  |x Thiết kế 
700 |a Thiều, Văn Hoan 
856 |u http://lrc.tdmu.edu.vn/opac/search/detail.asp?aID=2&ID=3852 
980 |a Trung tâm Học liệu Trường Đại học Thủ Dầu Một